000 00354 a2200157 4500
001 156540
020 _a9788532262806
040 _cEscola São Tomás de Aquino
100 _aSILVEIRA, Bueno
240 1 0 _aSilveira Bueno
_lpor
245 1 0 _aSilveira Bueno
300 _a864
362 0 _a2007
697 _aDicionário de português
942 _cMATP
999 _c156540
_d156540